| 000 | 01410nam0a2200361 4500 | ||
|---|---|---|---|
| 001 | RU\NLR\BIBL_A\022636723 | ||
| 005 | 20260420054401.0 | ||
| 010 |
_a978-5-6050790-4-0 _91500 |
||
| 021 |
_aRU _bКН-П-25-048706 _9КН-П-25-4713 |
||
| 035 | _a(NLR Aleph) 022636723 | ||
| 090 |
_a13685088 _c13685088 |
||
| 100 | _a20251006d2025 u y0rusy50 ca | ||
| 101 | 0 | _arus | |
| 102 | _aRU | ||
| 105 | _aа z 000zy | ||
| 181 | 0 |
_ab2 _bab2e |
|
| 181 | 0 |
_ai2 _baxxe |
|
| 182 | 0 | _an | |
| 200 | 1 |
_aСамарский край _eальбом _fЕ. В. Краснова, Е. С. Мысова _gпод общей редакцией Т. И. Ведерниковой |
|
| 203 |
_aИзображение _aТекст _bвизуальные _cнепосредственные |
||
| 210 |
_aСамара _cАгни _cАрт-Лайт _d2025 |
||
| 215 |
_a230, [1] с. _cил., цв. ил. _d30 |
||
| 300 | _aНа обл. авт. не указаны | ||
| 320 | _aБиблиогр.: с. 228-230 (70 назв.) | ||
| 607 |
_aСамарская область _jАльбомы _92256368 _3RU\NLR\AUTH\661353155 |
||
| 686 | 1 | _aТ3(2Р-4С)я61 | |
| 686 | 1 | _aД890(2Р354-4С)я61 | |
| 700 | 1 |
_aКраснова _bЕ. В. _gЕлена Владимировна |
|
| 701 | 1 |
_aМысова _bЕ. С. _gЕлена Сергеевна |
|
| 942 | _cBOOK | ||
| 980 | _aNB | ||